000 01263cam a2200301 i 4500
003 SA-RiAUC
005 20250819052608.0
008 250816s1977 ly g b f000r0 ara c
040 _aSA-JeALM
_bara
_cSA-RiAUC
_erda
082 0 4 _a340.2
_qSA-RiAUC
090 _a340.2
_bع ا م
100 1 _aعامر، عبد العزيز موسى
_eمؤلف.
245 1 2 _aالمدخل لدراسة القانون المقارن بالفقه الإسلامي /
_cتأليف عبد العزيز عامر.
250 _aالطبعة الأولى.
264 1 _aبنغازي، ليبيا :
_bجامعة قاريونس، كلية اللغة العربية والدراسات الإسلامية،
_c1978.
300 _a279 صفحة ؛
_c24 سم
336 _aنص
_btxt
_2rdacontent
_3كتاب
337 _aبدون وسيط
_bn
_2rdamedia
338 _aمجلد
_bnc
_2rdacarrier
500 _aاهداء من المؤلف
504 _aيشتمل على إرجاعات ببليوجرافية.
650 7 _aالقانون المقارن
_2aucsh
650 7 _aنظرية الحق
_2aucsh
650 7 _aالفقه الإسلامي
_2aucsh
650 7 _aأصول الفقه الإسلامي
_2aucsh
942 _2ddc
_cBOOK
_n0
949 _aSA-JeALM
_d250816
_umohamedma123
_n1
999 _c10961
_d10961